[Event "COL-chT Rapid"]
[Site "Santa Marta"]
[Date "2022.11.05"]
[Round "6.1"]
[White "Torres, Juan Camilo"]
[Black "Rodriguez Perez, Deivid Stiven"]
[Result "1-0"]
[WhiteElo "2314"]
[BlackElo "1343"]
[PlyCount "59"]
[EventDate "2022.11.02"]
[EventType "team-swiss"]
[EventRounds "7"]
[EventCountry "COL"]
[SourceTitle "CBM 211 Extra"]
[Source "ChessBase"]
[SourceDate "2023.01.31"]
[SourceVersion "1"]
[SourceVersionDate "2023.01.31"]
[SourceQuality "1"]
[WhiteTeam "Caldas"]
[BlackTeam "Boyaca"]
[WhiteTeamCountry "COL"]
[BlackTeamCountry "COL"]

1. d4 d5 2. c4 e5 3. dxe5 d4 4. a3 Nc6 5. Nf3 Be6 6. e3 dxe3 7. Qxd8+ Rxd8 8. Bxe3 Nge7 9. Be2 Ng6 10. Ng5 Ngxe5 11. Nxe6 fxe6 12. 0-0 Bd6 13. Nc3 0-0 14. Ne4 h6 15. Rad1 Be7 16. f4 Ng6 17. g3 e5 18. f5 Nh8 19. Rxd8 Bxd8 20. Nc5 b6 21. Ne6 Re8 22. Bf3 Ne7 23. g4 Kh7 24. Rd1 Nf7 25. Rd7 Ng8 26. Rxf7 Bf6 27. Be4 Ne7 28. Nxg7 Kg8 29. Rxf6 Kxg7 30. Re6 1-0

[Event "COL-ch U16"]
[Site "Villavicencio"]
[Date "2022.05.12"]
[Round "3"]
[White "Malagon Guzman, Juan Daniel"]
[Black "Rodriguez Perez, Deivid Stiven"]
[Result "1-0"]
[WhiteElo "1672"]
[BlackElo "1600"]
[PlyCount "76"]
[EventDate "2022.05.11"]
[EventType "swiss"]
[EventRounds "9"]
[EventCountry "COL"]
[SourceTitle "CBM 208 Extra"]
[Source "ChessBase"]
[SourceDate "2022.07.31"]
[SourceVersion "1"]
[SourceVersionDate "2022.07.31"]
[SourceQuality "1"]

1. e4 e5 2. Nf3 Nc6 3. Bb5 a6 4. Ba4 Nf6 5. 0-0 b5 6. Bb3 Bc5 7. c3 d6 8. d4 Bb6 9. dxe5 Nxe5 10. Nxe5 dxe5 11. Qxd8+ Kxd8 12. Bxf7 Rf8 13. Bd5 Nxd5 14. exd5 Bb7 15. c4 bxc4 16. Nc3 Ke7 17. Bg5+ Kd6 18. Rad1 Bd4 19. Rd2 Bxd5 20. Be7+ Kxe7 21. Nxd5+ Kd6 22. Ne3 Kc5 23. Rc1 Bxe3 24. fxe3 Rad8 25. Rdc2 Rf7 26. Rxc4+ Kb6 27. Rb4+ Ka7 28. Rb3 Rd2 29. h3 g6 30. Kh1 h6 31. Rc4 Rff2 32. Rxc7+ Ka8 33. Rcb7 a5 34. R7b5 Rf7 35. Rxe5 Rf1+ 36. Kh2 Rf7 37. Rxa5+ Ra7 38. Rxa7+ Kxa7 1-0